| 000 | 00626nam a2200205Ia 4500 | ||
|---|---|---|---|
| 005 | 20250508165517.0 | ||
| 008 | 008 250505s9999 xx 000 0 hin d | ||
| 020 | _a978-93-325-4130-6 | ||
| 037 | _aDissertations | ||
| 040 |
_aFEDL _beng _cFEDL |
||
| 041 |
_ahin _2eng |
||
| 084 |
_a371.95, KRI/DI _qFEDL |
||
| 100 | _aKrishna kumar | ||
| 245 | 0 | _avividh shaikshik sthitiyon mein viklang balak/ balikayin: Ek aalochnatmak adhyayan | |
| 260 | _c2014 | ||
| 300 | _a244p. | ||
| 546 | _aM. Phil Dissertation (Delhi University); C D Included | ||
| 942 |
_cDIS _h371.95, KRI/DI |
||
| 999 |
_c1395562 _d1395562 |
||